MARC details
| 000 -CABECERA |
| campo de control de longitud fija |
04371nam a22004097a 4500 |
| 003 - IDENTIFICADOR DEL NÚMERO DE CONTROL |
| campo de control |
DO-SdBNP |
| 005 - FECHA Y HORA DE LA ÚLTIMA TRANSACCIÓN |
| campo de control |
20240316073906.0 |
| 007 - CAMPO FIJO DE DESCRIPCIÓN FÍSICA--INFORMACIÓN GENERAL |
| campo de control de longitud fija |
ta |
| 008 - DATOS DE LONGITUD FIJA--INFORMACIÓN GENERAL |
| campo de control de longitud fija |
220831e 2010|||c|||e |o|| 001 e spa d |
| 020 ## - NÚMERO INTERNACIONAL ESTÁNDAR DEL LIBRO |
| Número Internacional Estándar del Libro |
9780773413306 |
| 040 ## - FUENTE DE LA CATALOGACIÓN |
| Centro catalogador/agencia de origen |
DO-SdBNP |
| Lengua de catalogación |
spa |
| Centro/agencia transcriptor |
BNPHU |
| 041 ## - CÓDIGO DE LENGUA |
| Código de lengua original |
spa |
| 082 #4 - NÚMERO DE LA CLASIFICACIÓN DECIMAL DEWEY |
| Número de edición |
22 |
| Número de clasificación |
863.64 |
| Número de documento/Ítem |
R696f |
| 100 1# - ENTRADA PRINCIPAL--NOMBRE DE PERSONA |
| Nombre de persona |
Rodríguez Henríquez, Rafael |
| 9 (RLIN) |
82294 |
| 245 10 - MENCIÓN DE TÍTULO |
| Título |
Fuentes de la imaginación histórica en la narrativa de Marcio Veloz Maggiolo / |
| Mención de responsabilidad, etc. |
Rafael Rodríguez Henríquez ; prólogo por Malva E. Filer ; traducción Moore Drew |
| 260 ## - PUBLICACIÓN, DISTRIBUCIÓN, ETC. |
| Lugar de publicación, distribución, etc. |
Lewiston, Nueva York : |
| Nombre del editor, distribuidor, etc. |
Edwin Mellen Press, |
| Fecha de publicación, distribución, etc. |
2010. |
| 300 ## - DESCRIPCIÓN FÍSICA |
| Extensión |
185 p. ; |
| Dimensiones |
24 cm. |
| 500 ## - NOTA GENERAL |
| Nota general |
Incluye fuentes citadas y consultada. |
| 504 ## - NOTA DE BIBLIOGRAFÍA, ETC. |
| Nota de bibliografía, etc. |
Bibliografía : p.169 -174. |
| 505 ## - NOTA DE CONTENIDO CON FORMATO |
| Nota de contenido con formato |
I.Introducción |
| Información miscelánea |
a. Vida y obra -- b. El autor y la narrativa dominicana contemporanea -- c. Propuesta de la investigación -- d. Justificación -- e. Memoria e imaginación histórica (segundo capítulo) -- f. Imaginación antropológica y arquelógica( tercer capítulo) -- g. La fenomenología en la búsqueda de una realidad histórica : Lenguaje y la imagen (cuarto capítulo) -- h. Referencialidad histórica y veracidad ( quinto capítulo). |
| 505 ## - NOTA DE CONTENIDO CON FORMATO |
| Nota de contenido con formato |
II. Memoria e imaginación hitórica en la narrativa de Marcio Veloz Maggiolo. |
| Información miscelánea |
a. Planteamiento -- b. Memoria e imaginación y la crítica -- c. Memoria / olvido e imaginación en uña y carne -- d. Memoria y mentira ( olvido) en la obra maggioloana -- e. Vinculación de la memoria y el olvido con la creación literaria -- f. Influencia filosófica y sicológica en los procesos de recordar, olvidar e imaginar -- g. Memoria, ideología e historia -- h. Los restos humanos y la memoria histórica -- i .Música y memoria en la narrativa maggioloana -- j. Memoria, historia y digresión narrativa. |
| 505 ## - NOTA DE CONTENIDO CON FORMATO |
| Nota de contenido con formato |
III. La imaginación antropólogica y arqueológica en la concepción del pasadoa. |
| Información miscelánea |
a. Introducción -- b. Aproximación antropólogica en la narrativa de Veloz Maggiolo; intercalación de la arqueológía -- c. La condición del hombre (dominicano) en las obras estudiadas -- d. La identidad dominicana -- e. Los mundos mágico-maravillosos de la narrativa maggioloana -- f. El mito en la concepción y construcción de la historia dominicana. |
| 505 ## - NOTA DE CONTENIDO CON FORMATO |
| Nota de contenido con formato |
IV. fenomenología en la búsqueda de una realidad hitórica: el lenguaje y la imagen. |
| Información miscelánea |
a. Propuesta del capítulo -- b. Breve panorama histórico sobre la fenomenología -- c. Fenomenología, literatura y lenguaje -- d. Fenomenología y ficción -- e. Bases para una concepción fenomenológica en la obra de Veloz Maggiolo -- f. El barrio en los días contadosy en materia prima -- g. La mosca soldado: aproximación fenomenológica -- h. Los fenomenológicos en la mosca soldado y la metamorfósis de Kafka -- i. Breve reflexión sobre el objeto fenomenológico en el hombre del acordeón -- j. El lenguaje figurado y la historia. |
| 505 ## - NOTA DE CONTENIDO CON FORMATO |
| Nota de contenido con formato |
V.Referencialidad histórica, veracidad e imaginación. |
| Información miscelánea |
a. Propósito -- b. Nociones generales ( fundamentales)sobre la intertextualidad -- c. Intertextualidad y literatura; la narrativa de Veloz Maggiolo -- d. Materia prima como una corpus intertextual -- e. Uña y carne : manifestaciones y corrientes literarias como fuente intertextuales -- f. Intertextualidad e historia en Veloz Maggiolo y Borge ( breve reflexión) -- g. Referencialidad, magia e historia en el hombre del acordeón -- h. Entramado textual de La mosca soldado -- i. Procedencia de algunas fuentes históricas. |
| 505 ## - NOTA DE CONTENIDO CON FORMATO |
| Nota de contenido con formato |
VI. Conclusiones. |
| Información miscelánea |
a. Generalización sobre la narrativa maggioloana -- b. Memoria e imaginación histórica --c. Sobre la imaginación antropológica y arqueológica -- d. Acerca de la fenomenología, el lenguaje y la imagen -- e. Sobre referencialidad y veracidad. |
| 505 ## - NOTA DE CONTENIDO CON FORMATO |
| Nota de contenido con formato |
VII. Bibliografía . |
| Información miscelánea |
a. Fuentes citadas -- b. Fuentes consultada. |
| 505 ## - NOTA DE CONTENIDO CON FORMATO |
| Nota de contenido con formato |
VIII. índice |
| 590 ## - NOTA LOCAL (RLIN) |
| Nota local |
Inventariado, 2022 / SA |
| 600 10 - PUNTO DE ACCESO ADICIONAL DE MATERIA--NOMBRE DE PERSONA |
| Nombre de persona |
Veloz Maggiolo, Marcio, |
| Fechas asociadas al nombre |
1936-2021 |
| Subdivisión general |
Crítica e interpretación. |
| 9 (RLIN) |
1104 |
| 650 #4 - PUNTO DE ACCESO ADICIONAL DE MATERIA--TÉRMINO DE MATERIA |
| 9 (RLIN) |
27201 |
| Término de materia o nombre geográfico como elemento de entrada |
Literatura dominicana |
| 650 #4 - PUNTO DE ACCESO ADICIONAL DE MATERIA--TÉRMINO DE MATERIA |
| 9 (RLIN) |
9734 |
| Término de materia o nombre geográfico como elemento de entrada |
Crítica literaria |
| 650 #4 - PUNTO DE ACCESO ADICIONAL DE MATERIA--TÉRMINO DE MATERIA |
| Término de materia o nombre geográfico como elemento de entrada |
Narrativa dominicana |
| 9 (RLIN) |
82296 |
| Subdivisión de forma |
Contemporánea |
| 650 #4 - PUNTO DE ACCESO ADICIONAL DE MATERIA--TÉRMINO DE MATERIA |
| Término de materia o nombre geográfico como elemento de entrada |
Literatura e Historia |
| 9 (RLIN) |
27201 |
| 700 #1 - PUNTO DE ACCESO ADICIONAL--NOMBRE DE PERSONA |
| Nombre de persona |
Filer, Malva E., |
| Término indicativo de función/relación |
pról. |
| 9 (RLIN) |
82297 |
| 700 #1 - PUNTO DE ACCESO ADICIONAL--NOMBRE DE PERSONA |
| Nombre de persona |
Moore, Drew, |
| Término indicativo de función/relación |
trad. |
| 9 (RLIN) |
82300 |
| 942 ## - ELEMENTOS DE PUNTO DE ACCESO ADICIONAL (KOHA) |
| Fuente del sistema de clasificación o colocación |
Dewey Decimal Classification |
| Tipo de ítem Koha |
Libro |